000
00324nam a2200145Ia 4500
008
220216s9999 xx 000 0 und d
245
0
_a
RRIM 600 series clones
260
_b
Planters Bulletin
_c
1971
300
_a
19-32
650
_a
Girth
650
_a
Tapping
650
_a
Wind damage
650
_a
Yield
942
_c
JS
999
_c
67309
_d
67309